000 01259naa a22003377a 4500
001 BR8003197
003 BR-BrBNA
005 20240918174610.0
007 ta
008 230509b bl.||||| |||| 00| 0 por d
040 _aBR-BrBNA
_bpor
_cBiblioteca Nacional de Agricultura
041 _a(Pt)
072 _aN20; Q10
_b1410
_b9205
_b4690
_bG514
090 _aN20 BR8003197
100 1 _aChang, C.S.
100 1 _aFenz, E.
100 1 _aCosta, J.A.
111 1 _a9. Congresso Brasileiro de Engenharia Agricola
_cCampina Grande, PB (Brazil)
_d24 Jul 1979
245 1 _aMedidas de resistencia dinamica de graos [Feijao; Phaseolus vulgaris; Equipamento rural; Trituracao; Triturador; Brasil]
260 3 _aCampina Grande, PB (Brasil):
_c1980.
500 _aAnais do 9. Congresso Brasileiro de Engenharia Agricola Campina Grande, PB (Brasil): 1980. v. 1 p. 255-260 (BR8003197-AM)N20
650 _aEquipamento rural
650 _aTecnologia de alimento
650 _aFeijao
650 _aGrao
650 _aTriturador
650 _aTrituracao
773 0 _tAnais do 9. Congresso Brasileiro de Engenharia Agricola
_wN20 BR8003197
_gCampina Grande, PB (Brasil), 1980. v. 1 p. 255-260
909 _a202404
_bLucia
_c55
_dLucia Elande
942 _cAM
_2AGRIS
999 _c312255
_d312255